SANFL teams - Statistics

General Stats
  • This quiz has been taken 25 times
  • The average score is 8 of 10
Answer Stats
Answer % Correct
Port Adelaide
100%
Glenelg
89%
Norwood
89%
North Adelaide
83%
South Adelaide
83%
Sturt
83%
West Adelaide
83%
Adelaide Crows
72%
Centrals
67%
Eagles
67%
No matching quizzes found
Score Distribution
Percent of People with Each Score
Percentile by Number Answered
Your Score History
You have not taken this quiz